000 00570nam a2200205Ia 4500
005 20250326143517.0
008 250326s9999 xx 000 0 und d
020 _a81-7194-389-6
037 _aTextbook
040 _aFMSL
_beng
_cFMSL
041 _aeng
_2eng
084 _aX:724 P5
_qFMSL
100 _aSinghania V K
245 0 _aStudents's guide to income tax
_cSinghania V K; Singhania M
250 _a33th
260 _aNew Delhi
_bNew Delhi, Taxmann Publication
_c2005
300 _a1076p
942 _cTB
_hX:724 P5
999 _c1299878
_d1299878